[Event "Asian Zonal 3.3 Women 2019"]
[Site "Ulaanbaatar"]
[Date "2019.04.10"]
[Round "4.12"]
[White "Enkhnasan, Namjiljav"]
[Black "Mendoza, Shania Mae"]
[Result "0-1"]
[WhiteElo "1610"]
[BlackElo "2156"]
[Annotator "TA"]
[PlyCount "70"]
[EventDate "2019.04.07"]
[EventType "swiss"]
[EventRounds "9"]
[EventCountry "MGL"]
[SourceTitle "playchess.com"]
[Source "ChessBase"]
[SourceQuality "1"]

{[%evp 9,70,-120,-117,-129,-128,-123,-77,-80,-72,-74,-64,-74,-60,-79,-62,-92,-82,-90,-52,-89,-76,-138,-143,-133,-125,-147,-115,-121,-58,-168,-147,-139,-119,-264,-262,-726,-724,-1060,-1056,-1017,-1016,-1371,-1245,-1197,-1162,-1688,-1676,-1739,-1747,-1952,-1099,-3274,-2929,-29979,-4735,-29990,-29991,-29991,-29990,-29993,-29994,-29995,-29996]} 1. d4 d5 2. c4 c6 3. e3 Nf6 4. Bd3 e5 5. c5 $146 ({Predecessor:} 5. dxe5 dxc4 6. exf6 cxd3 7. fxg7 Bxg7 8. Nf3 O-O 9. O-O c5 10. Nbd2 Be6 11. Ne4 Qd5 12. Ng3 c4 {1-0 (40) Kuzubov,Y (2691)-Alterman,B (2603) Israel 2018}) 5... e4 $1 {[%cal Re4d3]} 6. Be2 {[#] D10: Slav Defence: 3 cxd5 (without early Nf3) and 3 Nc3} b6 $1 7. b4 Be7 8. Bb2 {Black is better.} O-O 9. h4 Ne8 10. h5 h6 11. Nh3 Nc7 12. Nf4 Ne6 13. Nd2 Na6 {[%cal Bb8a6,Ba6c7,Bc7e6][%mdl 32] ...Nxf4 is the strong threat.} 14. a3 Nac7 15. Qc2 (15. Nh3 $142) 15... Nxf4 $17 16. exf4 {[#]} Ne6 $1 17. g3 Bf6 18. Nb3 Bd7 (18... a5 $17 {Hoping for ...a4.} 19. cxb6 Qxb6 {[%mdl 64] Double Attack} 20. bxa5 Rxa5 21. Nxa5 Qxa5+ 22. Qd2 Qxd2+ 23. Kxd2 Nxd4) 19. O-O-O (19. O-O $15) 19... Re8 20. Kb1 Rb8 21. Bc1 (21. Ba6 $17) 21... a5 $19 {[%cal Ba7a5,Ba5a4][%mdl 32] Threatens to win with ...a4.} 22. Bd2 $2 (22. f5 Ng5 23. Bf4) 22... a4 23. Nc1 Nxd4 24. Qa2 bxc5 25. Rhg1 Nxe2 26. Nxe2 Bg4 27. Be1 e3 28. f3 Bxf3 29. g4 Qe7 {[%cal Rc5b4]} 30. Kc1 cxb4 31. Bxb4 c5 32. g5 cxb4 {Black mates.} 33. gxf6 Rec8+ 34. Nc3 Rxc3+ 35. Kb2 Qxf6 {Accuracy: White = 18%, Black = 78%.} 0-1

[Event "Asian Zonal 3.3 Women 2019"]
[Site "Ulaanbaatar"]
[Date "2019.04.10"]
[Round "4.13"]
[White "Amina, Battsooj"]
[Black "Udval, Enkhsaikhan"]
[Result "1-0"]
[WhiteElo "2155"]
[BlackElo "1761"]
[Annotator "TA"]
[PlyCount "61"]
[EventDate "2019.04.07"]
[EventType "swiss"]
[EventRounds "9"]
[EventCountry "MGL"]
[SourceTitle "playchess.com"]
[Source "ChessBase"]
[SourceQuality "1"]

{[%evp 17,61,14,18,-2,-15,-20,-23,-22,-14,-11,-7,-1,0,0,0,0,12,14,41,0,19,0,15,0,0,0,0,0,0,0,0,-11,0,0,375,369,370,366,374,377,360,372,350,372,358,364]} 1. e4 e6 2. d4 d5 3. exd5 exd5 4. Nf3 Bd6 5. c4 dxc4 6. Bxc4 Nf6 7. O-O O-O 8. Nc3 Nc6 9. h3 h6 10. Nb5 {D20: Queen's Gambit Accepted: 3 e3 and 3 e4} (10. Re1 Bf5 11. a3 Re8 12. Rxe8+ Qxe8 13. Nb5 Qd7 14. Nxd6 Qxd6 15. Qb3 Be6 16. Bxe6 fxe6 17. Bf4 Qd5 18. Qxb7 Nxd4 19. Qxd5 Nxd5 20. Nxd4 Nxf4 {½-½ (59) Zvjaginsev,V (2673)-Popov,I (2596) Moscow 2016}) 10... Bf5 11. Nxd6 Qxd6 12. b3 {Black has an edge.} Rfe8 $146 ({Predecessor:} 12... Rad8 13. Bb2 Be4 14. Rc1 Qf4 15. Qd2 Qxd2 {½-½ (15) Dolzhikova,K (2322)-Manukyan,S (2266) Kiev 2012}) 13. Bb2 Rad8 14. Re1 Be4 15. Ne5 Bd5 16. Bf1 a6 17. Rc1 Ne4 18. Qc2 Ng5 19. Rcd1 Qf6 20. Qc3 Ne6 21. Ng4 Qh4 22. Ne3 $36 {[%mdl 2048] White is more active.} Ne7 $1 23. Nxd5 Nxd5 24. Qf3 c6 25. Bc4 (25. Re5 {is interesting.} Qf6 26. Qe4 Qe7 27. Bd3 Nf6 28. Qf5) 25... Qf4 $2 {[%mdl 8192]} (25... Ng5 $11 26. Qf5 Re6 27. Rxe6 Nxe6) 26. Bxd5 $18 cxd5 {[#]} 27. Rxe6 $1 {[%mdl 512]} Qxf3 (27... Rxe6 28. Qxf4) 28. Rxe8+ Rxe8 29. gxf3 Re2 30. Rb1 Rc2 31. a4 {Accuracy: White = 60%, Black = 38%.} 1-0

[Event "Asian Zonal 3.3 Women 2019"]
[Site "Ulaanbaatar"]
[Date "2019.04.10"]
[Round "4.14"]
[White "Khongorzul, Davaakhuu"]
[Black "Bayarmaa, Bayarjargal"]
[Result "0-1"]
[WhiteElo "1568"]
[BlackElo "2147"]
[Annotator "TA"]
[PlyCount "76"]
[EventDate "2019.04.07"]
[EventType "swiss"]
[EventRounds "9"]
[EventCountry "MGL"]
[SourceTitle "playchess.com"]
[Source "ChessBase"]
[SourceQuality "1"]

{[%evp 17,76,22,28,-31,-19,-45,-47,-108,-15,-18,-16,-13,0,0,27,30,28,0,0,0,0,0,51,48,49,45,91,14,80,-21,7,-75,-62,-139,0,-189,-106,-85,-106,-94,-87,-109,-50,-53,-50,-135,-119,-204,-117,-680,-686,-29992,-29993,-29993,-29994,-29996,-29991,-29991,-29965,-5606,-5590]} 1. e4 c5 2. Nf3 d6 3. d4 cxd4 4. Nxd4 Nf6 5. Nc3 a6 6. Be3 e5 7. Nb3 Be6 8. f3 Nbd7 9. g4 b5 10. h4 {B90: Sicilian Najdorf: Unusual White 6th moves, 6 Be3 Ng4 and 6 Be3 e5} (10. g5 $11 b4 11. Ne2 (11. gxf6 bxc3 12. fxg7 Bxg7 $11)) (10. g5 b4 11. Ne2 Ng8 12. f4 h6 13. f5 Bc4 14. g6 fxg6 15. Ng3 Bxf1 16. Rxf1 Ngf6 17. fxg6 Qc7 {1-0 (34) Aronian,L (2767)-So,W (2780) Saint Louis 2018}) 10... Nb6 $146 ({Predecessor:} 10... b4 11. Nd5 Bxd5 12. exd5 Nb6 13. Qe2 Nbxd5 14. g5 Nxe3 15. Qxe3 Nh5 16. Qe4 Ra7 17. Qxb4 d5 {1-0 (47) Grayland,S (2378)-Shchebenyuk,N (2271) ICCF email 2005}) 11. Na5 Rc8 12. Qd2 (12. g5 $15 Nh5 13. Qd2) 12... b4 (12... d5 $1 $17 {[%cal Rd5d4]} 13. Bxb6 Qxb6) 13. Nd1 $11 d5 $1 14. Bxa6 d4 15. Bxc8 Nxc8 16. Nc6 Qc7 $1 {[%cal Rc7c6]} 17. Nxb4 {And now Bf2 would win.} (17. Nxd4 $5 exd4 18. Bxd4 $14) 17... Nd6 18. c3 Nc4 $1 {[%cal Rc4d2]} 19. Qc2 {Threatens to win with Bf2.} Nb6 (19... dxe3 $11 20. Qa4+ Bd7 21. Qa8+ Bc8) 20. Nd3 $14 {aiming for Bf2.} dxe3 21. Nxe3 Bc5 22. Nf5 (22. Nxc5 $16 Qxc5 23. Qd2) 22... O-O (22... Bxf5 $1 $11 {remains equal.} 23. gxf5 O-O) 23. h5 ({Better is} 23. b4 $16 Bd4 24. Rc1 (24. Nxd4 exd4 25. O-O-O dxc3 $15)) 23... Ra8 (23... Bxf5 $5 24. gxf5 Be3 $11) 24. g5 (24. Nxc5 $11 Qxc5 25. b4) 24... Nfd7 $17 {[%mdl 1024] Black has strong compensation.} 25. Qh2 (25. g6 $15) 25... Bd6 ({Wrong is} 25... Rxa2 $2 26. Rxa2 Bxa2 27. b4 $18) (25... Nc4 $17 26. g6 Bxf5 27. exf5 Be3 28. gxf7+ Kxf7) 26. Qh3 $2 {[#]} (26. Nxd6 $11 {and White stays safe.} Qxd6 27. Nb4) 26... Bf8 ({Inferior is} 26... Rxa2 27. Rxa2 Bxa2 28. g6 $11) (26... Nc4 $1 $19 {White must now prevent ...Bxf5.} 27. Qg2 Bxf5 28. exf5 Rb8) 27. g6 h6 28. gxf7+ Kh8 29. Qg3 Bxf5 (29... Nc4 $17 30. O-O Nc5 31. Nxc5 Bxc5+ 32. Kh1 Bxf5 33. exf5 Rf8) 30. exf5 $15 {Strongly threatening f6.} Nc4 {Hoping for ...Nxb2!} 31. Qg2 {[#]} ({White should try} 31. Rh2 $1 $15) 31... Nf6 $1 $17 32. Qf2 (32. Qe2 $17) 32... Qd7 ({Much less strong is} 32... Qxf7 33. b3 $17) (32... e4 $19 33. fxe4 Nxe4) 33. O-O-O $2 {[%mdl 8192]} (33. Qe2 $17 Qxf7 34. b3) 33... Rxa2 $19 34. Nxe5 Ra1+ 35. Kc2 Qa4+ 36. Kd3 Nxe5+ 37. Ke3 Nfg4+ 38. fxg4 Nxg4+ {Accuracy: White = 19%, Black = 45%.} 0-1

[Event "Asian Zonal 3.3 Women 2019"]
[Site "Ulaanbaatar"]
[Date "2019.04.10"]
[Round "4.15"]
[White "Anujin, Bat-Amgalan"]
[Black "Mungunzul, Bat-Erdene"]
[Result "0-1"]
[WhiteElo "1407"]
[BlackElo "1906"]
[Annotator "NA RC"]
[PlyCount "162"]
[EventDate "2019.04.07"]
[EventType "swiss"]
[EventRounds "9"]
[EventCountry "MGL"]
[SourceTitle "playchess.com"]
[Source "ChessBase"]
[SourceQuality "1"]
[TimeControl "40/5400+30:1800+30"]

1. d4 d5 2. Bf4 e6 3. e3 Nf6 4. Nd2 Bd6 5. Bg3 O-O 6. Ngf3 c5 7. c3 Nc6 8. Bd3 b6 9. e4 dxe4 10. Nxe4 Nxe4 11. Bxe4 Bb7 12. Qa4 Na5 13. Bxb7 Nxb7 14. Bxd6 Qxd6 15. O-O Qd5 16. Rad1 c4 17. Rfe1 Rfc8 18. Qc2 Rd8 19. Re5 Qc6 20. Rh5 g6 21. Ne5 Qc7 22. Rh3 Rd5 23. Ng4 Qf4 24. Qe2 b5 25. Ne5 Rad8 26. Re1 Nd6 27. Rf3 Qg5 28. Rg3 Qf6 29. Ng4 Qg7 30. Rh3 Nf5 31. Ne3 Nxe3 32. Rxe3 Qf8 33. Re5 R8d6 34. Qf3 Qh6 35. Qf6 Qd2 36. R5e2 Qd3 37. Qe7 Rd7 38. Qe8+ Kg7 39. Qb8 Rg5 40. Re5 Rd5 41. Rxg5 Rxg5 42. Qf4 Rf5 43. Qe3 Qc2 44. Qe2 Qa4 45. a3 Qb3 46. Qd2 Qa2 47. h3 a6 48. Re5 Qb1+ 49. Re1 Qa2 50. Re5 Rf6 51. Re1 Qb3 52. Re2 Qa2 53. Re1 h6 54. Kh2 g5 55. Qe2 Rf5 56. Qd2 Rd5 57. Qc1 Rf5 58. Qd2 Rf4 59. Qe2 Qb3 60. Qe5+ Kh7 61. Qe2 Qa4 62. g3 Rf5 63. Qe4 Kg7 64. Kg2 a5 65. Qe2 Rd5 66. Qe4 b4 67. axb4 axb4 68. Qf3 Rf5 69. Qe2 Qc6+ 70. Qe4 Qb5 71. Rb1 Qa5 72. Rc1 Qa2 73. Rc2 b3 74. Re2 Qa1 75. Qc6 Qd1 76. Qxc4 Ra5 77. Re3 Ra1 78. f4 Qg1+ 79. Kf3 Rf1+ 80. Ke4 f5+ 81. Ke5 Qxe3+ 0-1

[Event "Asian Zonal 3.3 Women 2019"]
[Site "Ulaanbaatar"]
[Date "2019.04.10"]
[Round "4.16"]
[White "Unurzul, Davaakhuu"]
[Black "Munkhzul, Davaakhuu"]
[Result "0-1"]
[WhiteElo "1378"]
[BlackElo "1793"]
[Annotator "NA RC"]
[PlyCount "52"]
[EventDate "2019.04.07"]
[EventType "swiss"]
[EventRounds "9"]
[EventCountry "MGL"]
[SourceTitle "playchess.com"]
[Source "ChessBase"]
[SourceQuality "1"]
[TimeControl "40/5400+30:1800+30"]

1. e4 c5 2. Nf3 e6 3. d4 cxd4 4. Nxd4 Nc6 5. Be3 Nf6 6. Nc3 Bb4 7. Bd3 d5 8. Nxc6 bxc6 9. e5 Nd7 10. Qg4 Bxc3+ 11. bxc3 g6 12. Qd4 c5 13. Qa4 O-O 14. O-O c4 15. Be2 Nxe5 16. Bd4 Bd7 17. Qa3 Nc6 18. Be3 Qf6 19. Rfd1 Rfd8 20. Rab1 Rab8 21. Rxb8 Rxb8 22. Bxc4 dxc4 23. Rxd7 Rb1+ 24. Bc1 Qxc3 25. Rd1 Qxa3 26. Bxa3 Rxd1# 0-1

[Event "Asian Zonal 3.3 Women 2019"]
[Site "Ulaanbaatar"]
[Date "2019.04.10"]
[Round "4.17"]
[White "Enkhsaran, Batsaikhan"]
[Black "Urangoo, Kherlenzorig"]
[Result "1/2-1/2"]
[WhiteElo "1792"]
[BlackElo "1475"]
[Annotator "NA RC"]
[PlyCount "85"]
[EventDate "2019.04.07"]
[EventType "swiss"]
[EventRounds "9"]
[EventCountry "MGL"]
[SourceTitle "playchess.com"]
[Source "ChessBase"]
[SourceQuality "1"]
[TimeControl "40/5400+30:1800+30"]

1. d4 d5 2. c4 c6 3. Nc3 Nf6 4. Nf3 Nbd7 5. g3 a6 6. cxd5 cxd5 7. Bg2 e6 8. O-O Bd6 9. Nd2 Be7 10. e4 dxe4 11. Ndxe4 O-O 12. Bf4 Nxe4 13. Nxe4 Nb6 14. Rc1 Nd5 15. Bd2 b6 16. Qb3 Bb7 17. Rfe1 Qd7 18. Rc2 Rac8 19. Rec1 Rxc2 20. Rxc2 Rc8 21. a3 Rxc2 22. Qxc2 Qc8 23. Qxc8+ Bxc8 24. Nc3 Bb7 25. Na4 Bd8 26. Kf1 Bc6 27. Nc3 Bf6 28. Be3 Kf8 29. Be4 Ke7 30. Nxd5+ Bxd5 31. Bd3 b5 32. g4 h6 33. f4 g5 34. fxg5 hxg5 35. Kf2 Kd6 36. Ke1 Bf3 37. h3 Bd5 38. Bg1 Bc4 39. Be4 Bd5 40. Bd3 Bc4 41. Be4 Bd5 42. Bd3 Bb7 43. b4 1/2-1/2

[Event "Asian Zonal 3.3 Women 2019"]
[Site "Ulaanbaatar"]
[Date "2019.04.10"]
[Round "4.18"]
[White "Anu, Bayar"]
[Black "Khanyl, Chuluuntuya"]
[Result "1-0"]
[WhiteElo "2146"]
[BlackElo "1375"]
[Annotator "TA"]
[PlyCount "65"]
[EventDate "2019.04.07"]
[EventType "swiss"]
[EventRounds "9"]
[EventCountry "MGL"]
[SourceTitle "playchess.com"]
[Source "ChessBase"]
[SourceQuality "1"]

{[%evp 15,65,2,26,0,25,39,94,89,93,98,104,91,109,108,108,118,105,105,115,118,144,142,141,106,120,120,115,100,136,138,310,294,518,229,333,341,563,562,554,558,544,523,429,395,441,396,768,762,763,754,753,753]} 1. d4 d5 2. c4 c6 3. Nc3 Nf6 4. e3 e6 5. Nf3 Nbd7 6. Bd3 dxc4 7. Bxc4 b5 8. Bd3 Bd6 9. Qc2 {D47: Semi-Slav: Meran System} O-O (9... Bb7 10. e4 e5 11. Bg5 h6 12. Bh4 O-O 13. O-O-O Qe7 14. Kb1 a6 15. dxe5 Nxe5 16. Nd4 g6 {½-½ (41) Adhiban,B (2671)-Nguyen,N (2618) Hamedan 2018}) 10. Ne4 Bb4+ ({Black should try} 10... Nxe4 $14 11. Bxe4 Nf6) 11. Bd2 $16 {White is better.} Bxd2+ 12. Nfxd2 Bb7 $146 ({Predecessor:} 12... Qb6 13. Rc1 Bb7 14. O-O e5 15. Nxf6+ Nxf6 16. dxe5 {1-0 (41) Wilk,J (1781)-Lange,B (1797) Wolfstein 2017}) 13. Nb3 h6 14. O-O Nxe4 15. Bxe4 Rc8 16. Rac1 Nf6 17. Bf3 Qd6 18. Na5 Ba8 19. a3 Rc7 20. b4 e5 21. Rfd1 Rfc8 22. Nb3 Nd7 $2 (22... Re8 $16 {is a better defense.}) 23. Bg4 $18 Rd8 $2 (23... Rb8 {was called for.} 24. dxe5 {[%mdl 64] Pin} Qe7) 24. Bxd7 (24. dxe5 $142 Qxe5 25. Nc5) 24... Rcxd7 (24... Rdxd7 {keeps fighting.} 25. Nc5 Re7) 25. Nc5 Rc7 $2 (25... Re7 26. dxe5 {[%mdl 64] Pin} Qc7 27. Rxd8+ Qxd8) 26. dxe5 {[%mdl 64] [#] Pin} Qe7 27. Rxd8+ Qxd8 28. Rd1 {[%cal Rd1d8]} Qe7 29. Qd3 Bb7 30. Qd6 Bc8 $2 (30... Kh7 31. Qxe7 Rxe7) 31. Qxe7 {White is clearly winning.} Rxe7 32. Rd8+ {[%mdl 64] [#] Double Attack} Kh7 33. Rxc8 {Accuracy: White = 63%, Black = 23%.} 1-0

[Event "Asian Zonal 3.3 Women 2019"]
[Site "Ulaanbaatar"]
[Date "2019.04.10"]
[Round "4.19"]
[White "Ng, Sau Wai"]
[Black "Lkhagvajed, Gantulga"]
[Result "0-1"]
[WhiteElo "1154"]
[BlackElo "1344"]
[Annotator "NA RC"]
[PlyCount "66"]
[EventDate "2019.04.07"]
[EventType "swiss"]
[EventRounds "9"]
[EventCountry "MGL"]
[SourceTitle "playchess.com"]
[Source "ChessBase"]
[SourceQuality "1"]
[TimeControl "40/5400+30:1800+30"]

1. c4 e5 2. g3 Nf6 3. Bg2 Be7 4. Nc3 c6 5. Nf3 d6 6. O-O O-O 7. d4 e4 8. Ng5 d5 9. cxd5 cxd5 10. f3 h6 11. Nh3 exf3 12. exf3 Nc6 13. Nf4 b6 14. b3 Nxd4 15. Kh1 Ne6 16. Nfxd5 Ba6 17. Nxe7+ Qxe7 18. Re1 Rfd8 19. Qc2 Rac8 20. Bb2 Qc5 21. Rad1 Nd5 22. Re5 Qc6 23. f4 Nb4 24. Rxd8+ Rxd8 25. Bxc6 Nxc2 26. Nd5 Kh7 27. Ne7 Rd1+ 28. Kg2 Ne1+ 29. Kh3 Kh8 30. Be4 Bd3 31. Bc3 Bxe4 32. Rxe4 Nd3 33. Nf5 Nf2+ 0-1

[Event "Asian Zonal 3.3 Women 2019"]
[Site "Ulaanbaatar"]
[Date "2019.04.11"]
[Round "5.1"]
[White "Ulziikhishigjargal, Ochirkhuyag"]
[Black "Munguntuul, Batkhuyag"]
[Result "1/2-1/2"]
[WhiteElo "1843"]
[BlackElo "2415"]
[Annotator "TA"]
[PlyCount "135"]
[EventDate "2019.04.07"]
[EventType "swiss"]
[EventRounds "9"]
[EventCountry "MGL"]
[SourceTitle "playchess.com"]
[Source "ChessBase"]
[SourceQuality "1"]

{[%evp 13,135,4,13,13,10,6,14,14,6,-6,12,-14,-19,-15,-18,-13,-18,-16,-12,-49,-54,-52,-42,-43,-35,-43,-39,-36,-25,-64,-30,-52,-38,-83,-81,-91,-74,-145,-129,-126,-135,-165,-129,-128,-49,-60,0,-58,-49,-150,-83,-100,-45,-77,0,-78,-59,-94,-50,-68,-54,-135,-19,-47,-42,-60,0,-60,-22,-43,-26,-37,-37,-45,-46,-42,0,-35,-27,-18,-22,-25,0,0,0,-27,-25,-109,-100,-83,-83,-103,-76,-197,-185,-162,-148,-180,-179,-228,-22,-25,-13,-15,-8,-10,-15,-131,0,0,0,-119,0,0,0,-109,0,0,0,-88,-24,-14,-22,-20]} 1. e4 c5 2. Nf3 e6 3. c3 Nf6 4. e5 Nd5 5. d4 cxd4 6. cxd4 d6 7. Bc4 Be7 8. O-O {B22: Sicilian: 2 c3} O-O 9. Qe2 b6 (9... Nc6 10. Rd1 Na5 11. Bxd5 exd5 12. Nc3 Be6 13. Bf4 a6 14. h3 Re8 15. exd6 Bxd6 16. Bxd6 Qxd6 17. Qe5 Nc4 18. Qxd6 Nxd6 {½-½ (32) Nisipeanu,L (2672)-Grischuk,A (2785) Heraklio 2017}) 10. Rd1 Bb7 11. a3 Nd7 12. Bd2 $146 (12. Bxd5 $5 Bxd5 13. Bf4 $11) ({Predecessor:} 12. Nbd2 dxe5 13. dxe5 Qc7 14. Nb3 Rac8 15. Bd3 Rfe8 {0-1 (56) Tsay,V (2221)-Kavutskiy,K (2396) Dallas 2017}) 12... Rc8 13. Nc3 Nxc3 14. Bxc3 Qc7 15. Bb5 dxe5 16. Bxd7 Qxd7 17. dxe5 Bd5 18. Nd4 Qb7 19. Qg4 f5 20. Qh3 a6 21. Rd3 Bc5 22. Rad1 b5 23. b4 Bb6 24. Bb2 Rc4 25. Qg3 (25. Kh1 $142) 25... Qf7 26. Qf4 h6 27. f3 Rfc8 28. Kh1 Qa7 (28... g5 $17 29. Qd2 Kh7) 29. Qd2 Qf7 (29... Kh7 $15) 30. Qe1 ({White should play} 30. Qf4 $1 $11) 30... Qh5 31. R3d2 (31. h3 $15) 31... Kh7 (31... a5 $142 32. Rd3 axb4 33. axb4 Ra8) 32. Rd3 Qg5 (32... g5 $17) 33. Qg3 Qh5 (33... f4 $17 34. Qxg5 hxg5) 34. h3 (34. Qe1 $1 $11) 34... Qf7 35. Kh2 Bc7 36. Qe1 Bb8 37. Nb3 (37. R1d2 $15) 37... Ba7 (37... Rc2 $17 38. R1d2 Ba7) 38. Nd4 Qh5 39. Qg3 Qf7 (39... Qg6 {is more complex.} 40. Qe1 R4c7 41. Ne2 Bc4 42. Nf4 Qg5) 40. Qe1 $1 R8c7 41. Ne2 Re7 42. Nc3 {[%cal Rc3d5]} Bb7 43. Qd2 Bb8 44. Ne2 Rec7 45. Bd4 Rc2 46. Qe3 R7c4 $36 {[%mdl 2048] Black is more active.} 47. Rc3 Qc7 {And now ...Rxe2! would win.} 48. Rxc2 Rxc2 49. Nc3 Qc4 50. Qd3 (50. Rd2 $11 Rxd2 51. Qxd2) 50... Qxd3 $17 51. Rxd3 Kg6 52. Kg3 Kf7 53. Nd1 (53. h4 $17 {was called for.}) 53... g5 $1 $19 54. h4 Kg6 55. hxg5 hxg5 56. Kh3 Re2 $2 (56... Rc8 $19 57. Nb2 Rh8+ 58. Kg3 f4+ 59. Kf2 g4 $1 {[%mdl 512]} 60. fxg4 Kg5) 57. Nc3 $11 g4+ 58. Kg3 Bxe5+ 59. Bxe5 Rxe5 {[%mdl 4096] Endgame KRB-KRN} 60. Rd7 (60. Kf2 $1 $11 {remains equal.}) 60... Bc6 61. Rd6 Bb7 {aiming for ...gxf3.} 62. Rd7 {[#]} Bc6 (62... Bxf3 $1 $17 {[%mdl 512]} 63. gxf3 Re3 {[%mdl 64] Double Attack}) 63. Rd6 Bb7 {Strongly threatening ...gxf3.} 64. Rd7 (64. Kf4 $11 {keeps the balance.} Re1 65. Rb6) 64... Bc6 65. Rd6 Bb7 66. Rd7 {[#]} Re3 (66... Bxf3 $1 $17 {[%mdl 512]} 67. gxf3 Re3 {[%mdl 64] Double Attack}) 67. Nd1 Re1 {White must now prevent ...Bd5.} 68. Kf2 {Accuracy: White = 35%, Black = 38%.} 1/2-1/2

[Event "Asian Zonal 3.3 Women 2019"]
[Site "Ulaanbaatar"]
[Date "2019.04.11"]
[Round "5.3"]
[White "Aulia, Medina Warda"]
[Black "Sukandar, Irine Kharisma"]
[Result "1-0"]
[WhiteElo "2362"]
[BlackElo "2384"]
[Annotator "TA"]
[PlyCount "96"]
[EventDate "2019.04.07"]
[EventType "swiss"]
[EventRounds "9"]
[EventCountry "MGL"]
[SourceTitle "playchess.com"]
[Source "ChessBase"]
[SourceQuality "1"]

{[%evp 25,96,0,15,20,17,16,54,47,51,34,50,34,36,0,0,22,38,56,48,54,55,54,81,83,68,63,58,16,16,16,15,9,10,20,151,147,198,197,197,193,181,197,195,183,218,204,420,383,360,356,454,445,734,732,652,610,594,585,510,170,720,710,732,732,708,701,651,622,29971,29972,29985,29986,29989]} 1. e4 c5 2. Nf3 d6 3. d4 cxd4 4. Nxd4 Nf6 5. Nc3 a6 6. Be2 e5 7. Nb3 Be7 8. a4 O-O 9. O-O Be6 10. Bf3 {B92: Sicilian Najdorf: 6 Be2} Qc7 11. Re1 Rc8 12. h3 h6 13. Be3 Nbd7 {LiveBook: 5 Games} 14. Nd2 Nf8 $146 ({Predecessor:} 14... Qc6 15. a5 b5 16. axb6 Nxb6 17. Ra5 {1-0 (52) Adams,M (2715)-Palliser,R (2454) Sheffield 2011}) 15. a5 Ng6 16. Na4 Nd7 17. c4 Bg5 18. Bxg5 hxg5 19. Bg4 Bxg4 20. Qxg4 Nf6 21. Qxg5 Qxa5 22. c5 dxc5 23. Nc4 Qb4 24. Ncb6 $1 Rab8 {Strongly threatening ...Rd8.} 25. Nxc8 Rxc8 26. h4 Nf4 27. Qxe5 Nd3 28. Qf5 Re8 $1 29. Re3 c4 {[#]} (29... Re5 $1 $11 30. Qc8+ Re8) 30. e5 $1 $16 {[%cal Re5f6]} Nd5 (30... Qa5 $16 31. h5 Qb5) 31. e6 $18 fxe6 32. Rxe6 Rd8 33. Re4 b5 {[#]} 34. Nc3 $1 {[%cal Rc3d5]} Nf6 ({But not} 34... Qxb2 $2 35. Nxd5 Qxf2+ 36. Qxf2 $18) 35. Re2 Nxb2 $2 (35... Qc5 36. Qg5 Qd6) 36. Ne4 Nxe4 37. Rxe4 Nd3 38. Rxa6 Qc5 (38... Qf8 $142 39. Qxb5 Qxf2+ 40. Kh2 Qc5 41. Qxc4+ Qxc4 42. Rxc4 Rd7) 39. Qe6+ Kh8 40. Rg4 {Threatening mate with Qh6+!} Qxf2+ 41. Kh2 {Intending Qh6+! and mate.} Qf8 {White must now prevent ...Nc5.} 42. Ra7 $2 $40 {[%mdl 128] White wants a kill.} (42. Qe3) 42... Rd6 $2 (42... Qf6 43. Qxf6 gxf6) 43. Qe3 Qb8 44. Rgxg7 {White threatens Rh7+ and mate.} Re6+ 45. Qg3 Qxg3+ 46. Kxg3 Re3+ 47. Kh2 Re8 48. h5 Nf4 {Precision: White = 81%, Black = 38%.} 1-0

[Event "Asian Zonal 3.3 Women 2019"]
[Site "Ulaanbaatar"]
[Date "2019.04.11"]
[Round "5.4"]
[White "Pham, Le Thao Nguyen"]
[Black "Munkhzul, Turmunkh"]
[Result "0-1"]
[WhiteElo "2383"]
[BlackElo "2348"]
[Annotator "TA"]
[PlyCount "138"]
[EventDate "2019.04.07"]
[EventType "swiss"]
[EventRounds "9"]
[EventCountry "MGL"]
[SourceTitle "playchess.com"]
[Source "ChessBase"]
[SourceQuality "1"]

{[%evp 16,138,10,14,30,15,22,-12,-14,-34,-39,-62,-50,-58,0,-40,-14,-33,0,0,12,10,23,27,17,0,0,-21,-14,-23,-23,-23,-26,-26,-13,-47,-47,-47,-47,-52,-51,-57,-51,-51,-45,-51,-50,-54,-35,-35,-35,-35,-35,-35,-35,-35,-35,-35,-25,-44,-44,-63,-63,-79,-91,-157,-157,-157,-157,-157,-157,-202,-189,-273,-263,-263,-252,-290,-290,-326,-327,-323,-323,-332,-275,-258,0,-333,-333,-333,-332,-332,-330,-316,-308,-308,-224,-308,-308,-495,-514,-511,-497,-500,-489,-464,-449,-411,-370,-762,-697,-746,-718,-1515,-821,-1117,-996,-6629,-6318,-29975,-29975,-29975,-29976,-29988,-29989]} 1. d4 Nf6 2. Nf3 g6 3. g3 Bg7 4. Bg2 O-O 5. O-O d6 6. c4 c6 7. Nc3 Bf5 8. Nh4 Be6 9. b3 d5 {E62: King's Indian: Fianchetto: 6...c6 and Panno Variation (6...Nc6) without ...a6} 10. cxd5 cxd5 11. Bg5 (11. Nf3 Nc6 12. Bb2 Bf5 13. Rc1 Ne4 14. e3 Nxc3 15. Bxc3 Be4 16. Qe2 Rc8 17. Bh3 Bxf3 18. Qxf3 {½-½ (54) Cheparinov,I (2710)-Rakhmanov,A (2653) Riadh 2017}) 11... Nc6 {The position is equal.} 12. Bxf6 $146 ({Predecessor:} 12. Rc1 h6 13. Bxf6 Bxf6 14. Nf3 Rc8 15. Qd2 g5 16. e3 Bf5 17. Ne1 {½-½ (50) Pogan,N (2223)-Trent,L (2440) Hofheim 2018}) 12... Bxf6 13. Nf3 Rc8 14. Rc1 Bg4 (14... Qa5 $15) 15. Qd2 (15. Ne5 $5 {[%cal Re5g4]} Nxe5 16. dxe5 Bxe5 17. Nxd5 $11) 15... Bxf3 16. Bxf3 Bxd4 17. Nxd5 e6 18. Ne3 $1 Qa5 19. Qxa5 Nxa5 20. Nc4 Nxc4 21. bxc4 b6 22. e3 Bb2 $36 {[%mdl 2048] Black has good play.} 23. Rb1 Bf6 24. Be2 Rc5 25. Rfd1 Ra5 26. Rd2 Rd8 27. Rxd8+ Bxd8 $15 {[%mdl 4096] Endgame KRB-KRB} 28. Rd1 Bf6 29. Rd2 Bc3 30. Rc2 Ra3 31. h4 h5 32. Bf3 Kf8 33. Kf1 Ke7 34. Bc6 Bb4 35. Ke2 e5 36. Rb2 a5 37. Be4 f5 38. Bb1 e4 39. Rb3 Ra4 40. f3 ({Better is} 40. Rb2) 40... Bc5 $17 41. fxe4 fxe4 42. Rc3 Kf6 43. Bxe4 Rxa2+ 44. Rc2 (44. Kf3 $142) 44... Ra3 $19 45. Bd3 Ra1 46. Kf3 a4 {[%cal Ba5a4,Ba4a3][%mdl 32]} 47. Ke4 Re1 48. Be2 a3 49. Ra2 Ke6 50. Kf4 Kf6 51. Ke4 Rb1 52. Bd3 Rb3 53. Rf2+ Kg7 54. Ra2 Rc3 55. Re2 Kh6 56. Rf2 g5 57. Rg2 $2 {[#]} (57. hxg5+ Kxg5 58. Ra2) 57... g4 58. Rf2 Kg6 59. Re2 Kf6 60. Bb1 Rxc4+ 61. Kd5 Rc3 62. e4 $2 (62. Rf2+ Kg7 63. Rf5) 62... Rxg3 63. e5+ Ke7 64. Bg6 Re3 65. Rc2 Rh3 66. Bxh5 Rxh4 67. Bg6 g3 {Black mates.} 68. Be4 Rh2 69. Bg2 {[#]} Rxg2 $1 {[%mdl 64] Promotion. Accuracy: White = 36%, Black = 67%.} 0-1